{"text_format":"3","workbook":"xlsx","n_sheets":1,"sheets":["t286"],"read":"whole","date_system":"1900"}

{"sheet":"t286","index":0,"n_rows":226,"n_cols":7,"rows_kept":226,"merged":[[0,0,0,6],[28,0,28,5],[46,0,46,5],[167,0,167,5]]}
["TABELA 286.1 - Estatísticas Agrícolas, Município de Jaú, Estado de São Paulo, 2016/17."]
["ITEM","UNIDADE","N.DE UPAs","MÍNIMO","MÉDIO","MÁXIMO","TOTAL"]
["Distância à sede do município","km",795,{"v":1,"d":"1.0"},{"v":11.26,"d":"11.3"},{"v":32,"d":"32.0"},"-"]
["Área total","hectare",795,0.3,{"v":75.25,"d":"75.3"},{"v":1932.3,"d":"1,932.3"},{"v":59825.61,"d":"59,825.6"}]
["Área com cultura perene","hectare",69,0.1,{"v":15.72,"d":"15.7"},110.1,{"v":1084.4,"d":"1,084.4"}]
["Área com cultura temporária","hectare",698,0.1,{"v":64.57,"d":"64.6"},{"v":1660.4,"d":"1,660.4"},{"v":45070.4,"d":"45,070.4"}]
["Área com pastagem","hectare",335,0.2,{"v":16.65,"d":"16.7"},{"v":320,"d":"320.0"},{"v":5577.9,"d":"5,577.9"}]
["Área com reflorestamento","hectare",29,0.2,{"v":6.52,"d":"6.5"},{"v":67,"d":"67.0"},{"v":189,"d":"189.0"}]
["Área com vegetação natural","hectare",313,0.1,{"v":9.34,"d":"9.3"},242.5,{"v":2922.75,"d":"2,922.8"}]
["Área com vegetação de brejo e várzea","hectare",246,0.1,{"v":5.21,"d":"5.2"},99.1,{"v":1281.18,"d":"1,281.2"}]
["Área em descanso","hectare",43,0.1,{"v":10.37,"d":"10.4"},85.8,445.8]
["Área complementar","hectare",667,{"v":0.06,"d":"0.1"},{"v":4.88,"d":"4.9"},{"v":136,"d":"136.0"},{"v":3254.18,"d":"3,254.2"}]
["Área das UPAs com (0, 1] ha","hectare",4,0.3,{"v":0.73,"d":"0.7"},{"v":1,"d":"1.0"},2.9]
["Área das UPAs com (1, 2] ha","hectare",5,1.5,{"v":1.72,"d":"1.7"},{"v":2,"d":"2.0"},8.6]
["Área das UPAs com (2, 5] ha","hectare",60,2.1,3.6,{"v":5,"d":"5.0"},{"v":215.77,"d":"215.8"}]
["Área das UPAs com (5, 10] ha","hectare",102,5.1,{"v":7.85,"d":"7.9"},9.9,{"v":801.15,"d":"801.2"}]
["Área das UPAs com (10, 20] ha","hectare",152,{"v":10.16,"d":"10.2"},{"v":14.83,"d":"14.8"},{"v":20,"d":"20.0"},{"v":2254.52,"d":"2,254.5"}]
["Área das UPAs com (20, 50] ha","hectare",203,20.2,{"v":30.98,"d":"31.0"},49.9,{"v":6289.66,"d":"6,289.7"}]
["Área das UPAs com (50, 100] ha","hectare",116,50.1,70.9,96.8,{"v":8224.62,"d":"8,224.6"}]
["Área das UPAs com (100, 200] ha","hectare",77,100.4,{"v":141.86,"d":"141.9"},195.4,{"v":10923.26,"d":"10,923.3"}]
["Área das UPAs com (200, 500] ha","hectare",60,208.6,{"v":309.78,"d":"309.8"},492.4,{"v":18586.83,"d":"18,586.8"}]
["Área das UPAs com (500, 1.000] ha","hectare",15,508.2,{"v":705.73,"d":"705.7"},908.5,{"v":10586,"d":"10,586.0"}]
["Área das UPAs com (1.000, 2.000] ha","hectare",1,{"v":1932.3,"d":"1,932.3"},{"v":1932.3,"d":"1,932.3"},{"v":1932.3,"d":"1,932.3"},{"v":1932.3,"d":"1,932.3"}]
["Área das UPAs com (2.000, 5.000] ha","hectare","-","-","-","-","-"]
["Área das UPAs com (5.000, 10.000] ha","hectare","-","-","-","-","-"]
["Área das UPAs acima de 10.000 ha","hectare","-","-","-","-","-"]
["Fonte: Secretaria de Agricultura e Abastecimento, CDRS/IEA, Projeto LUPA."]
[]
["TABELA 286.2 - Explorações Animais, Município de Jaú, Estado de São Paulo, 2016/17."]
["ITEM","UNIDADE","N.DE UPAs","MÍNIMO","MÉDIO","MÁXIMO","TOTAL"]
["Asininos e muares","cabecas",27,{"v":1,"d":"1.0"},{"v":1.67,"d":"1.7"},{"v":6,"d":"6.0"},{"v":45,"d":"45.0"}]
["Avicultura de corte","cabecas/ano",14,{"v":10,"d":"10.0"},{"v":98447.5,"d":"98,447.5"},{"v":384000,"d":"384,000.0"},{"v":1378265,"d":"1,378,265.0"}]
["Avicultura ornamental/decorativa/exotica","cabecas",2,{"v":20,"d":"20.0"},{"v":85,"d":"85.0"},{"v":150,"d":"150.0"},{"v":170,"d":"170.0"}]
["Avicultura para ovos","cabecas",7,{"v":20,"d":"20.0"},{"v":50,"d":"50.0"},{"v":100,"d":"100.0"},{"v":350,"d":"350.0"}]
["Bovinocultura de corte","cabecas",101,{"v":1,"d":"1.0"},{"v":54.78,"d":"54.8"},{"v":671,"d":"671.0"},{"v":5533,"d":"5,533.0"}]
["Bovinocultura leiteira","cabecas",22,{"v":1,"d":"1.0"},{"v":25.41,"d":"25.4"},{"v":126,"d":"126.0"},{"v":559,"d":"559.0"}]
["Bovinocultura mista","cabecas",75,{"v":1,"d":"1.0"},{"v":19.21,"d":"19.2"},{"v":147,"d":"147.0"},{"v":1441,"d":"1,441.0"}]
["Bubalinocultura","cabecas",2,{"v":20,"d":"20.0"},47.5,{"v":75,"d":"75.0"},{"v":95,"d":"95.0"}]
["Caprinocultura","cabecas",1,{"v":10,"d":"10.0"},{"v":10,"d":"10.0"},{"v":10,"d":"10.0"},{"v":10,"d":"10.0"}]
["Cunicultura","cabecas",1,{"v":10,"d":"10.0"},{"v":10,"d":"10.0"},{"v":10,"d":"10.0"},{"v":10,"d":"10.0"}]
["Equinocultura","cabecas",142,{"v":1,"d":"1.0"},{"v":4.31,"d":"4.3"},{"v":67,"d":"67.0"},{"v":612,"d":"612.0"}]
["Ovinocultura","cabecas",24,{"v":2,"d":"2.0"},{"v":22.42,"d":"22.4"},{"v":82,"d":"82.0"},{"v":538,"d":"538.0"}]
["Piscicultura","m2 tanques",4,{"v":4200,"d":"4,200.0"},{"v":22800,"d":"22,800.0"},{"v":60000,"d":"60,000.0"},{"v":91200,"d":"91,200.0"}]
["Suinocultura","cabecas",30,{"v":1,"d":"1.0"},19.6,{"v":87,"d":"87.0"},{"v":588,"d":"588.0"}]
["Fonte: Secretaria de Agricultura e Abastecimento, CDRS/IEA, Projeto LUPA."]
[]
["TABELA 286.3 -  Máquinas, Implementos e Benfeitorias, Município de Jaú, Estado de São Paulo, 2016/17."]
["ITEM","UNIDADE","N.DE UPAs","MÍNIMO","MÉDIO","MÁXIMO","TOTAL"]
["Arado comum (bacia, aiveca)","unidade",89,{"v":1,"d":"1.0"},{"v":1.12,"d":"1.1"},{"v":2,"d":"2.0"},{"v":100,"d":"100.0"}]
["Arado escarificador","unidade",77,{"v":1,"d":"1.0"},{"v":1.14,"d":"1.1"},{"v":3,"d":"3.0"},{"v":88,"d":"88.0"}]
["Arado subsolador","unidade",86,{"v":1,"d":"1.0"},{"v":1.06,"d":"1.1"},{"v":2,"d":"2.0"},{"v":91,"d":"91.0"}]
["Batedeira de cereais","unidade",10,{"v":1,"d":"1.0"},1.2,{"v":2,"d":"2.0"},{"v":12,"d":"12.0"}]
["Camara fria","unidade",2,{"v":1,"d":"1.0"},{"v":1,"d":"1.0"},{"v":1,"d":"1.0"},{"v":2,"d":"2.0"}]
["Carregadeira de cana","unidade",52,{"v":1,"d":"1.0"},{"v":1.23,"d":"1.2"},{"v":2,"d":"2.0"},{"v":64,"d":"64.0"}]
["Carreta de trator","unidade",95,{"v":1,"d":"1.0"},{"v":1.68,"d":"1.7"},{"v":6,"d":"6.0"},{"v":160,"d":"160.0"}]
["Colhedeira acoplada","unidade",16,{"v":1,"d":"1.0"},{"v":1.25,"d":"1.3"},{"v":3,"d":"3.0"},{"v":20,"d":"20.0"}]
["Colhedeira automotriz","unidade",13,{"v":1,"d":"1.0"},{"v":1.46,"d":"1.5"},{"v":3,"d":"3.0"},{"v":19,"d":"19.0"}]
["Computador","unidade",8,{"v":1,"d":"1.0"},{"v":1.75,"d":"1.8"},{"v":3,"d":"3.0"},{"v":14,"d":"14.0"}]
["Conj.irrigacao autopropelido","unidade",2,{"v":1,"d":"1.0"},{"v":1,"d":"1.0"},{"v":1,"d":"1.0"},{"v":2,"d":"2.0"}]
["Conj.irrigacao convencional","unidade",10,{"v":1,"d":"1.0"},1.2,{"v":2,"d":"2.0"},{"v":12,"d":"12.0"}]
["Conj.irrigacao/gotejamento/microaspersao","unidade",8,{"v":1,"d":"1.0"},{"v":1.25,"d":"1.3"},{"v":2,"d":"2.0"},{"v":10,"d":"10.0"}]
["Conjunto de fenacao","unidade",2,{"v":1,"d":"1.0"},{"v":1,"d":"1.0"},{"v":1,"d":"1.0"},{"v":2,"d":"2.0"}]
["Desintegrador de palha (plantio direto)","unidade",5,{"v":1,"d":"1.0"},1.2,{"v":2,"d":"2.0"},{"v":6,"d":"6.0"}]
["Desintegrador, picador, triturador","unidade",152,{"v":1,"d":"1.0"},{"v":1.14,"d":"1.1"},{"v":3,"d":"3.0"},{"v":173,"d":"173.0"}]
["Distribuidor de calcario","unidade",67,{"v":1,"d":"1.0"},{"v":1.13,"d":"1.1"},{"v":3,"d":"3.0"},{"v":76,"d":"76.0"}]
["Ensiladeira","unidade",27,{"v":1,"d":"1.0"},{"v":1.15,"d":"1.2"},{"v":3,"d":"3.0"},{"v":31,"d":"31.0"}]
["Grade aradora (tipo romi)","unidade",84,{"v":1,"d":"1.0"},{"v":1.07,"d":"1.1"},{"v":3,"d":"3.0"},{"v":90,"d":"90.0"}]
["Grade niveladora","unidade",81,{"v":1,"d":"1.0"},{"v":1.12,"d":"1.1"},{"v":3,"d":"3.0"},{"v":91,"d":"91.0"}]
["Implementos para tracao animal","unidade",8,{"v":1,"d":"1.0"},{"v":1.38,"d":"1.4"},{"v":2,"d":"2.0"},{"v":11,"d":"11.0"}]
["Misturador de racao","unidade",10,{"v":1,"d":"1.0"},1.3,{"v":3,"d":"3.0"},{"v":13,"d":"13.0"}]
["Mmicrotrator","unidade",20,{"v":1,"d":"1.0"},{"v":1.15,"d":"1.2"},{"v":2,"d":"2.0"},{"v":23,"d":"23.0"}]
["Ordenhadeira mecanica","unidade",4,{"v":1,"d":"1.0"},{"v":1,"d":"1.0"},{"v":1,"d":"1.0"},{"v":4,"d":"4.0"}]
["Pulverizador tratorizado","unidade",106,{"v":1,"d":"1.0"},{"v":1.28,"d":"1.3"},{"v":4,"d":"4.0"},{"v":136,"d":"136.0"}]
["Resfriador de leite, tanque expansao","unidade",2,{"v":1,"d":"1.0"},{"v":1,"d":"1.0"},{"v":1,"d":"1.0"},{"v":2,"d":"2.0"}]
["Retroescavadeira","unidade",4,{"v":1,"d":"1.0"},{"v":1.25,"d":"1.3"},{"v":2,"d":"2.0"},{"v":5,"d":"5.0"}]
["Roçadora","unidade",55,{"v":1,"d":"1.0"},{"v":1.13,"d":"1.1"},{"v":6,"d":"6.0"},{"v":62,"d":"62.0"}]
["Semeadeira/adubadeira para plantio convencional","unidade",29,{"v":1,"d":"1.0"},{"v":1.17,"d":"1.2"},{"v":3,"d":"3.0"},{"v":34,"d":"34.0"}]
["Semeadeira/plantadeira plantio direto","unidade",29,{"v":1,"d":"1.0"},1.1,{"v":3,"d":"3.0"},{"v":32,"d":"32.0"}]
["Tanque rede","m3",3,{"v":1,"d":"1.0"},{"v":24.67,"d":"24.7"},{"v":72,"d":"72.0"},{"v":74,"d":"74.0"}]
["Tecnologias de gps para controle de máquinas","unidade",3,{"v":1,"d":"1.0"},{"v":2.67,"d":"2.7"},{"v":5,"d":"5.0"},{"v":8,"d":"8.0"}]
["Terraceador","unidade",23,{"v":1,"d":"1.0"},{"v":1,"d":"1.0"},{"v":1,"d":"1.0"},{"v":23,"d":"23.0"}]
["Trator de esteiras","unidade",2,{"v":1,"d":"1.0"},{"v":1,"d":"1.0"},{"v":1,"d":"1.0"},{"v":2,"d":"2.0"}]
["Trator de pneus  acima de 85 cv","unidade",108,{"v":1,"d":"1.0"},{"v":2.18,"d":"2.2"},{"v":9,"d":"9.0"},{"v":235,"d":"235.0"}]
["Trator de pneus até 65 cv","unidade",50,{"v":1,"d":"1.0"},{"v":1.24,"d":"1.2"},{"v":3,"d":"3.0"},{"v":62,"d":"62.0"}]
["Trator de pneus de 66 cv a 85 cv","unidade",90,{"v":1,"d":"1.0"},{"v":1.31,"d":"1.3"},{"v":5,"d":"5.0"},{"v":118,"d":"118.0"}]
["Acude/represa","unidade",70,{"v":1,"d":"1.0"},{"v":1.97,"d":"2.0"},{"v":23,"d":"23.0"},{"v":138,"d":"138.0"}]
["Alambique","unidade",4,{"v":1,"d":"1.0"},{"v":1,"d":"1.0"},{"v":1,"d":"1.0"},{"v":4,"d":"4.0"}]
["Almoxarifado/oficina","unidade",35,{"v":1,"d":"1.0"},{"v":1.14,"d":"1.1"},{"v":5,"d":"5.0"},{"v":40,"d":"40.0"}]
["Armazem para graos ensacados","sacas",20]
["Balanca para bovinos","unidade",6,{"v":1,"d":"1.0"},{"v":1,"d":"1.0"},{"v":1,"d":"1.0"},{"v":6,"d":"6.0"}]
["Balanca para veiculos","unidade",3,{"v":1,"d":"1.0"},{"v":1.67,"d":"1.7"},{"v":3,"d":"3.0"},{"v":5,"d":"5.0"}]
["Barracao para granja/avicultura","unidade",18,{"v":1,"d":"1.0"},{"v":1.83,"d":"1.8"},{"v":8,"d":"8.0"},{"v":33,"d":"33.0"}]
["Barracao/galpao/garagem","unidade",272,{"v":1,"d":"1.0"},{"v":1.41,"d":"1.4"},{"v":8,"d":"8.0"},{"v":384,"d":"384.0"}]
["Casa de moradia habitada","unidade",300,{"v":1,"d":"1.0"},{"v":2.48,"d":"2.5"},{"v":39,"d":"39.0"},{"v":745,"d":"745.0"}]
["Casa de moradia total","unidade",359,{"v":1,"d":"1.0"},{"v":3.37,"d":"3.4"},{"v":40,"d":"40.0"},{"v":1209,"d":"1,209.0"}]
["Curral/mangueira","unidade",208,{"v":1,"d":"1.0"},{"v":1.07,"d":"1.1"},{"v":3,"d":"3.0"},{"v":222,"d":"222.0"}]
["Deposito/tulha","unidade",218,{"v":1,"d":"1.0"},{"v":1.26,"d":"1.3"},{"v":16,"d":"16.0"},{"v":274,"d":"274.0"}]
["Engenho","unidade",1,{"v":1,"d":"1.0"},{"v":1,"d":"1.0"},{"v":1,"d":"1.0"},{"v":1,"d":"1.0"}]
["Estabulo","unidade",47,{"v":1,"d":"1.0"},{"v":1.13,"d":"1.1"},{"v":3,"d":"3.0"},{"v":53,"d":"53.0"}]
["Estacao/posto meteorologico","unidade",1,{"v":1,"d":"1.0"},{"v":1,"d":"1.0"},{"v":1,"d":"1.0"},{"v":1,"d":"1.0"}]
["Estufa/plasticultura","m2",3]
["Fabrica de racao","unidade",7,{"v":1,"d":"1.0"},{"v":1,"d":"1.0"},{"v":1,"d":"1.0"},{"v":7,"d":"7.0"}]
["Instalacoes para equinos","unidade",28,{"v":1,"d":"1.0"},{"v":6.54,"d":"6.5"},{"v":80,"d":"80.0"},{"v":183,"d":"183.0"}]
["Maquina de beneficio","unidade",15,{"v":1,"d":"1.0"},{"v":1.07,"d":"1.1"},{"v":2,"d":"2.0"},{"v":16,"d":"16.0"}]
["Olaria","unidade",1,{"v":1,"d":"1.0"},{"v":1,"d":"1.0"},{"v":1,"d":"1.0"},{"v":1,"d":"1.0"}]
["Packing house","unidade",5,{"v":1,"d":"1.0"},{"v":1,"d":"1.0"},{"v":1,"d":"1.0"},{"v":5,"d":"5.0"}]
["Pocilga","unidade",52,{"v":1,"d":"1.0"},{"v":1.06,"d":"1.1"},{"v":3,"d":"3.0"},{"v":55,"d":"55.0"}]
["Poco semi-artesiano","unidade",50,{"v":1,"d":"1.0"},{"v":1.08,"d":"1.1"},{"v":3,"d":"3.0"},{"v":54,"d":"54.0"}]
["Secador de graos","unidade",13,{"v":1,"d":"1.0"},{"v":1.77,"d":"1.8"},{"v":6,"d":"6.0"},{"v":23,"d":"23.0"}]
["Silo para graos","ton",4]
["Silo para silagem","ton",8]
["Terreiro","m2",132]
["Usina de acucar/destilaria","unidade",4,{"v":1,"d":"1.0"},{"v":1,"d":"1.0"},{"v":1,"d":"1.0"},{"v":4,"d":"4.0"}]
["Fonte: Secretaria de Agricultura e Abastecimento, CDRS/IEA, Projeto LUPA."]
[]
["TABELA 286.4 - Outras Estatísticas Agrícolas, Município de Jaú, Estado de São Paulo, 2016/17."]
["ITEM","Número de UPAs",null,"Percentual"]
["Faz Parte de Associação de Produtores",628,null,{"v":78.99371069182389,"d":"79.0"}]
["Faz Parte de Cooperativa de Produtores",585,null,{"v":73.58490566037736,"d":"73.6"}]
["Faz Parte do Sindicato de Produtores",554,null,{"v":69.68553459119497,"d":"69.7"}]
["Não utiliza assistência técnica ",106,null,{"v":13.333333333333334,"d":"13.3"}]
["Utiliza somente assistência técnica governamental ",64,null,{"v":8.050314465408805,"d":"8.1"}]
["Utiliza somente assistência técnica privada ",128,null,{"v":16.10062893081761,"d":"16.1"}]
["Utiliza assistência técnica tanto governamental quanto privada",497,null,{"v":62.515723270440255,"d":"62.5"}]
["Utiliza Crédito Rural",347,null,{"v":43.64779874213837,"d":"43.6"}]
["Utiliza Seguro Rural",16,null,{"v":2.0125786163522017,"d":"2.0"}]
["Utiliza Escrituração Agrícola",573,null,{"v":72.0754716981132,"d":"72.1"}]
["Acessa Internet p/ Fins na Agropecuária",457,null,{"v":57.48427672955975,"d":"57.5"}]
["Utiliza Computador nas Atividades Agropecuárias",454,null,{"v":57.106918238993714,"d":"57.1"}]
["Utiliza Energia Elétrica Para Uso na Atividade Agrícola",439,null,{"v":55.22012578616352,"d":"55.2"}]
["Utiliza Energia Alternativa",4,null,{"v":0.5031446540880503,"d":"0.5"}]
["Realiza Análise de Solo, quando necessário",594,null,{"v":74.71698113207547,"d":"74.7"}]
["Realiza Calagem",541,null,{"v":68.0503144654088,"d":"68.1"}]
["Utiliza Práticas de Conservação de Solo, quando necessário",726,null,{"v":91.32075471698113,"d":"91.3"}]
["Faz Adubação Mineral, quando necessário",663,null,{"v":83.39622641509433,"d":"83.4"}]
["Faz Adubação Orgânica, quando necessário",294,null,{"v":36.9811320754717,"d":"37.0"}]
["Faz Adubação Verde, quando necessário",130,null,{"v":16.352201257861633,"d":"16.4"}]
["Utiliza Manejo Integrado de Pragas (MIP)",47,null,{"v":5.911949685534592,"d":"5.9"}]
["Utiliza Hidroponia",3,null,{"v":0.37735849056603776,"d":"0.4"}]
["Utiliza Cultivo em Estufa",7,null,{"v":0.8805031446540881,"d":"0.9"}]
["Utiliza Mudas Fiscalizadas",113,null,{"v":14.213836477987421,"d":"14.2"}]
["Utiliza Semente Melhorada",133,null,{"v":16.729559748427672,"d":"16.7"}]
["Faz Confinamento de Bovinos",15,null,{"v":1.8867924528301887,"d":"1.9"}]
["Utiliza Pastejo Intensivo",32,null,{"v":4.025157232704403,"d":"4.0"}]
["Faz Inseminação Artificial",11,null,{"v":1.3836477987421385,"d":"1.4"}]
["Faz Mineralização do Rebanho",165,null,{"v":20.754716981132077,"d":"20.8"}]
["Faz Vermifugação do Rebanho",168,null,{"v":21.132075471698112,"d":"21.1"}]
["Possui Parceiros /Arrendatários na Exploração Animal",221,null,{"v":27.79874213836478,"d":"27.8"}]
["Existência de trabalhadores c/ deficiência na UPA","-",null,"-"]
["Esporte e lazer",1,null,{"v":0.1257861635220126,"d":"0.1"}]
["Extração mineral","-",null,"-"]
["Hotel Fazenda, Pousada ou SPA","-",null,"-"]
["Pesque-pague",2,null,{"v":0.2515723270440252,"d":"0.3"}]
["Restaurante ou Lanchonete",1,null,{"v":0.1257861635220126,"d":"0.1"}]
["Transformação artesanal","-",null,"-"]
["Turismo rural ou ecoturismo",1,null,{"v":0.1257861635220126,"d":"0.1"}]
["Outras atividades econômicas rurais",1,null,{"v":0.1257861635220126,"d":"0.1"}]
["Agroindústria","-",null,"-"]
["Proprietário sem instrução ou com instrução incompleta",26,null,{"v":3.270440251572327,"d":"3.3"}]
["Proprietário com antigo primário completo",170,null,{"v":21.38364779874214,"d":"21.4"}]
["Proprietário com 1° grau (ou antigo ginasial) completo",106,null,{"v":13.333333333333334,"d":"13.3"}]
["Proprietário com 2° grau (ou antigo colegial) completo",148,null,{"v":18.61635220125786,"d":"18.6"}]
["Proprietário com curso superior completo ",248,null,{"v":31.19496855345912,"d":"31.2"}]
["Pessoa Jurídica",97,null,{"v":12.20125786163522,"d":"12.2"}]
["Proprietário residente na própria UPA ",72,null,{"v":9.056603773584905,"d":"9.1"}]
["Fonte: Secretaria de Agricultura e Abastecimento, CDRS/IEA, Projeto LUPA."]
[]
["TABELA 286.5 - Área Cultivada, Município de Jaú, Estado de São Paulo, 2016/17."]
["CULTURA","N.DE UPAs","MÍNIMO","MÉDIO","MÁXIMO","TOTAL"]
["Cana-de-acucar finalidade industria",621,0.5,{"v":69.01,"d":"69.0"},{"v":1660.4,"d":"1,660.4"},{"v":42858,"d":"42,858.0"}]
["Braquiaria",220,0.2,{"v":15.58,"d":"15.6"},{"v":175,"d":"175.0"},{"v":3426.7,"d":"3,426.7"}]
["Soja",49,{"v":3,"d":"3.0"},{"v":37.51,"d":"37.5"},{"v":200,"d":"200.0"},{"v":1837.9,"d":"1,837.9"}]
["Outras gramineas para pastagem",103,0.4,{"v":15.87,"d":"15.9"},234.6,{"v":1634.1,"d":"1,634.1"}]
["Cafe",48,0.2,{"v":19.96,"d":"20.0"},110.1,958.3]
["Sorgo",19,2.4,{"v":41.89,"d":"41.9"},{"v":150,"d":"150.0"},{"v":796,"d":"796.0"}]
["Milho 2 safra",18,{"v":4,"d":"4.0"},{"v":23.91,"d":"23.9"},162.1,430.3]
["Gramas",24,0.4,{"v":13.75,"d":"13.8"},84.5,329.9]
["Milho safra",37,0.2,{"v":7.46,"d":"7.5"},43.5,{"v":276,"d":"276.0"}]
["Milheto",1,190.2,190.2,190.2,190.2]
["Eucalipto",29,0.2,{"v":5.95,"d":"6.0"},{"v":67,"d":"67.0"},172.6]
["Coloniao",7,{"v":1,"d":"1.0"},{"v":20.99,"d":"21.0"},{"v":107,"d":"107.0"},146.9]
["Abacate",4,{"v":2,"d":"2.0"},{"v":12.25,"d":"12.3"},{"v":39,"d":"39.0"},{"v":49,"d":"49.0"}]
["Capim-napier (ou capim-elefante)",3,{"v":1,"d":"1.0"},{"v":13.43,"d":"13.4"},{"v":38,"d":"38.0"},40.3]
["Cana-de-acucar outras finalidades",23,0.2,{"v":1.63,"d":"1.6"},5.6,37.5]
["Arroz",11,0.6,{"v":2.99,"d":"3.0"},9.3,32.9]
["Milho-silagem",4,2.4,{"v":6.68,"d":"6.7"},{"v":12,"d":"12.0"},26.7]
["Banana",8,0.2,{"v":2.58,"d":"2.6"},{"v":10,"d":"10.0"},20.6]
["Outras florestais",2,3.4,8.2,{"v":13,"d":"13.0"},16.4]
["Macadamia (ou noz-macadamia)",3,2.8,{"v":5.27,"d":"5.3"},6.8,15.8]
["Palmito",1,{"v":13,"d":"13.0"},{"v":13,"d":"13.0"},{"v":13,"d":"13.0"},{"v":13,"d":"13.0"}]
["Sorgo-vassoura",2,{"v":5,"d":"5.0"},{"v":5,"d":"5.0"},{"v":5,"d":"5.0"},{"v":10,"d":"10.0"}]
["Alface",17,0.1,{"v":0.56,"d":"0.6"},1.9,9.6]
["Outras olericolas",16,0.1,{"v":0.56,"d":"0.6"},2.5,8.9]
["Goiaba",1,7.2,7.2,7.2,7.2]
["Mandioca",7,0.2,{"v":1.03,"d":"1.0"},2.5,7.2]
["Horta domestica",4,0.1,1.4,{"v":5,"d":"5.0"},5.6]
["Pomar domestico",7,0.1,{"v":0.73,"d":"0.7"},{"v":3,"d":"3.0"},5.1]
["Pupunha",1,{"v":5,"d":"5.0"},{"v":5,"d":"5.0"},{"v":5,"d":"5.0"},{"v":5,"d":"5.0"}]
["Noz-peca  (ou peca)",2,{"v":2,"d":"2.0"},2.1,2.2,4.2]
["Pessego",1,4.1,4.1,4.1,4.1]
["Toranja",1,{"v":4,"d":"4.0"},{"v":4,"d":"4.0"},{"v":4,"d":"4.0"},{"v":4,"d":"4.0"}]
["Cidra",1,3.9,3.9,3.9,3.9]
["Laranja-azeda",1,3.2,3.2,3.2,3.2]
["Maracuja",2,0.5,{"v":1.15,"d":"1.2"},1.8,2.3]
["Couve (ou couve-crespa)",10,0.1,0.2,0.5,{"v":2,"d":"2.0"}]
["Tomate envarado",4,0.2,0.4,0.5,1.6]
["Chuchu",1,1.2,1.2,1.2,1.2]
["Brocolos (ou brocolis)",6,0.1,0.2,0.4,1.2]
["Chicoria (ou chicoria-de-folha-crespa)",6,0.1,{"v":0.18,"d":"0.2"},0.3,1.1]
["Milho-doce(verde)",1,{"v":1,"d":"1.0"},{"v":1,"d":"1.0"},{"v":1,"d":"1.0"},{"v":1,"d":"1.0"}]
["Limao",2,0.1,0.5,0.9,{"v":1,"d":"1.0"}]
["Feijao-vagem (ou vagem, ou feijao-verde)",2,0.4,0.5,0.6,{"v":1,"d":"1.0"}]
["Cebolinha",9,0.1,{"v":0.11,"d":"0.1"},0.2,{"v":1,"d":"1.0"}]
["Anona (fruta-do-conde, ou pinha, ou atemoia)",1,{"v":1,"d":"1.0"},{"v":1,"d":"1.0"},{"v":1,"d":"1.0"},{"v":1,"d":"1.0"}]
["Outras frutiferas",1,{"v":1,"d":"1.0"},{"v":1,"d":"1.0"},{"v":1,"d":"1.0"},{"v":1,"d":"1.0"}]
["Couve-flor",2,0.3,0.4,0.5,0.8]
["Berinjela",3,0.1,0.2,0.3,0.6]
["Repolho",3,0.1,0.2,0.3,0.6]
["Cenoura",1,0.5,0.5,0.5,0.5]
["Outros viveiros",1,0.5,0.5,0.5,0.5]
["Quiabo",2,0.2,{"v":0.25,"d":"0.3"},0.3,0.5]
["Coco-da-baia",1,0.5,0.5,0.5,0.5]
["Abobora (ou jerimum)",2,0.1,{"v":0.25,"d":"0.3"},0.4,0.5]
["Jaca",1,0.5,0.5,0.5,0.5]
["Beterraba",1,0.1,0.1,0.1,0.1]
["Fonte: Secretaria de Agricultura e Abastecimento, CDRS/IEA, Projeto LUPA."]